1415 1568 1245 1875 1477 1367 1880 1181 1981 1658 1082 1994 1757 1967 1664 1543 1462 1322 1585 1085 1317 1112 1649 1770 1132 1437 1854 1876 1245 1278 1446 1987 1933 1616 1507 1579 1153 1021 1986 1432 1217 1333 1300 1681 1050 1453 1781 1405 1750 1231 1722 1080 1502 1677 1893 1606 1978 1181 1146 1824 1823 1694 1717 1317 1119 1724 1358 1715 1907 1347 1500 1910 1892 1756 1954 1235 1857 1379 1027 1040 1245 1988 1568 1464 1093 1274 1765 1071 1274 1694 1406 1004 1859 1837 1080 1032 1642 1930 1722 BCNSPRNW ULIB Ver.6.0+V

เปลี่ยนเป็นภาษาไทย

Change to English
 แสดงรายละเอียดบรรณานุกรม
  กลับหน้าหลัก

Brief Record : Get Marc (ISO 2709) : E-mail record : QR code < ปิดหน้าต่าง
LEADER : 00000nam 2200000uu 4500
001    13399115216
003     ULIB
008    120731s2552||||th 000 0 tha d
020    ^a9789743197468
090    ^aนว.^bฉ330ช 2552
100 0  ^aซินฉ่ง
245 00 ^aชิงใจครอบครองรัก /^cฉี่เยี่ยน
250    ^aพิมพ์ครั้งที่ 1
260    ^aกรุงเทพฯ :^bแจ่มใส,^c2552
300    ^a202 หน้า
700 0  ^aจันทร์กลางน้ำ ;^eแปล
710 1  ^aแจ่มใส
945    ^p129^l0^i16429
995    ^aกัณชพร
999    ^aใช้งานได้ทุกระบบ
รายการนี้ยังไม่มีแท็ก
คุณยังไม่ได้ล็อกอิน คุณสามารถมีกิจกรรมร่วมกับเว็บไซต์ได้ แต่ต้องล็อกอินก่อน ::
  ล็อกอิน

รายการสื่อสารสนเทศ

ลำดับที่ ประเภท เลขเรียก/บาร์โค้ด สถานที่ สถานะ
1. วิทยาศาสตร์การแพทย์ และสุขภาพ
วิทยาศาสตร์การแพทย์ และสุขภาพ
นว. ฉ330ช 2552  
  Barcode: 16429
ห้องสมุดวิทยาเขตสวรรค์ประชารักษ์
►นวนิยาย
บนชั้น
  ขอยืม

รายการใกล้เคียง
    ผู้แต่ง [ซินฉ่ง]

BibComment


ยังไม่เคยถูกคอมเมนท์

คอมเมนท์ทรัพยากรรายการนี้
  คอมเมนท์: ชิงใจครอบครองรัก..


 Copyright 2026. Bcnsprnw @Library